LIBRARY & INFORMATION CENTRE, KCAET, TAVANUR

ONLINE PUBLIC ACCESS CATALOGUE (OPAC)

Irrigation management: A system approach, Vol 1 / (Record no. 10571)

MARC details
000 -LEADER
fixed length control field 00512cam a2200193ua 4500
041 ## - LANGUAGE CODE
Language code of text/sound track or separate title eng
082 ## - DEWEY DECIMAL CLASSIFICATION NUMBER
Classification number 631.5874
Item number DAR/IR
100 ## - MAIN ENTRY--AUTHOR NAME
Personal name Darra, B L .
245 ## - TITLE STATEMENT
Title Irrigation management: A system approach, Vol 1 /
250 ## - EDITION STATEMENT
Edition statement /
260 ## - PUBLICATION, DISTRIBUTION, ETC. (IMPRINT)
Place of publication :
Name of publisher Atlantic publishers and distributers ,
Year of publication 1990.
300 ## - PHYSICAL DESCRIPTION
Number of Pages 456 :
Other physical details 506 ; .
700 1# - ADDED ENTRY--PERSONAL NAME
Personal name Raghuvanshi, .
942 ## - ADDED ENTRY ELEMENTS (KOHA)
Koha item type Books
Holdings
Withdrawn status Lost status Damaged status Home library Current library Date acquired Full call number Accession Number Koha item type
      KAUAET KAUAET 07/04/2012 631.5874 17871 Books
free website counter